| 000 | 00765cam a2200265 4500 | ||
|---|---|---|---|
| 001 | M1984 | ||
| 008 | 090401t1993 xxu||||| |||| 00| 0 eng d | ||
| 035 | _a(Sirsi) u35806 | ||
| 041 | _aeng | ||
| 050 | _a690.24106 | ||
| 090 | _aRICS 1993/118A | ||
| 100 | _aHumberstone, Jim | ||
| 245 | 2 | _aA guide to agencies of conservation of the built heritage. | |
| 260 |
_aLondon _bRICS _c1993 |
||
| 300 | _a(4)p. ; 30cm. | ||
| 350 | _a0 | ||
| 490 |
_aRICS Building Conservation Note _v2 |
||
| 520 | _aPublished in Building Conservation Newsletter (9) Winter 1993. | ||
| 650 | _aBUILDING CONSERVATION | ||
| 650 | _aHISTORIC BUILDINGS | ||
| 690 | _aCONSERVATION | ||
| 710 |
_aRoyal Institution of Chartered Surveyors _94900 |
||
| 942 | _n0 | ||
| 948 | _c04/03/1997 | ||
| 999 |
_c90151 _d90151 |
||